PostgreSQL 8 for Windows
Quỹ Châu Á
Đã lưu trong:
| Tác giả chính: | |
|---|---|
| Định dạng: | Sách |
| Ngôn ngữ: | Undetermined |
| Được phát hành: |
New York
McGraw-Hill
2007
|
| Những chủ đề: | |
| Truy cập trực tuyến: | http://lrc.tdmu.edu.vn/opac/search/detail.asp?aID=2&ID=34475 |
| Các nhãn: |
Thêm thẻ
Không có thẻ, Là người đầu tiên thẻ bản ghi này!
|
| Thư viện lưu trữ: | Trung tâm Học liệu Trường Đại học Thủ Dầu Một |
|---|
| LEADER | 00764nam a2200205Ia 4500 | ||
|---|---|---|---|
| 001 | TDMU_34475 | ||
| 008 | 210410s9999 xx 000 0 und d | ||
| 082 | |a 301 | ||
| 090 | |b BL511 | ||
| 100 | |a Blum, Richard | ||
| 245 | 0 | |a PostgreSQL 8 for Windows | |
| 245 | 0 | |c Richard Blum | |
| 260 | |a New York | ||
| 260 | |b McGraw-Hill | ||
| 260 | |c 2007 | ||
| 300 | |a xv, 384 p. | ||
| 520 | |a Quỹ Châu Á |c Tặng; 3 parts: Installation and administration; using PostgreSQL in windows; windows programming with PosgreSQL | ||
| 650 | |a Database management |x PostgreSQL; Quản lý cơ sở dữ liệu |x PostgreSQL | ||
| 856 | |u http://lrc.tdmu.edu.vn/opac/search/detail.asp?aID=2&ID=34475 | ||
| 980 | |a Trung tâm Học liệu Trường Đại học Thủ Dầu Một | ||